JC Initials, part 2 - Statistics

General Stats
  • This quiz has been taken 13 times
  • The average score is 7 of 15
Answer Stats
Hint Answer % Correct
Hong Kong actor and martial artist Jackie Chan
92%
From peanut farmer to president Jimmy Carter
92%
Tallest Monty Python member John Cleese
69%
Five-time Grammy-winning country singer June Carter
69%
Malaysian-British designer of luxury shoes Jimmy Choo
54%
Actor and one of the greatest WWE wrestlers of all time John Cena
54%
Explorer and cartographer of the Pacific Ocean James Cook
46%
Dad of King Felipe VI Juan Carlos
46%
Stifler's mom Jennifer Coolidge
31%
Ginger-haired tennis star of the 90s Jim Courier
31%
Author of the quote "If it doesn't fit, you must acquit." Johnnie Cochran
31%
Her romantic novels have sold over half a billion copies Jackie Collins
23%
She made her debut as a tennis professional at the age of 13 Jennifer Capriati
23%
Most well-known presenter of Top Gear Jeremy Clarkson
23%
TV personality known for his stock recommendations Jim Cramer
8%
No matching quizzes found
Score Distribution
Percent of People with Each Score
Percentile by Number Answered
Your Score History
You have not taken this quiz